000 00651nam a2200277Ia 4500
005 20260324135347.0
008 008 260324s9999 xx 000 0 eng d
020 _a9781315384467
037 _aEBOOK
040 _aCRL
040 _beng
040 _cCRL
041 _2eng
041 _aeng
084 _qCRL
100 _aPenelope Mullen; Peter Spurgeon
_91200314
245 0 _aPriority Setting and the Public
260 _bTaylor and Francis
260 _c2000
365 _a
365 _b270
856 _uhttp://www.taylorfrancis.com/books/9781315384467
942 _cEBOOK
999 _c1801296
_d1801296